000 00244nam a2200097Ia 4500
008 240625s9999 xx 000 0 und d
041 _aeng
082 _a332.63 DAM
100 _aDAMODARAN ASWATH
245 _aDARK SIDE OF VALUATION VALUING OLD TECH
999 _c32906
_d32906